Analisis bisnis komputer (Record no. 24797)

MARC details
000 -LEADER
fixed length control field 00648nam a2200241 i 4500
001 - CONTROL NUMBER
control field C2-0103829
003 - CONTROL NUMBER IDENTIFIER
control field PPAK
005 - DATE AND TIME OF LATEST TRANSACTION
control field 20180727100934.0
008 - FIXED-LENGTH DATA ELEMENTS--GENERAL INFORMATION
fixed length control field 970605s1995 io |||| ||||| | may d
020 ## - INTERNATIONAL STANDARD BOOK NUMBER
International Standard Book Number 9798640411
040 ## - CATALOGING SOURCE
Original cataloging agency PPAK
Language of cataloging eng
Transcribing agency PPAK
Description conventions rda
082 04 - DEWEY DECIMAL CLASSIFICATION NUMBER
Classification number 669.068
Edition number 23
090 00 - LOCALLY ASSIGNED LC-TYPE CALL NUMBER (OCLC); LOCAL CALL NUMBER (RLIN)
Classification number (OCLC) (R) ; Classification number, CALL (RLIN) (NR) 669.068
Feature heading ANA
Feature heading R
245 00 - TITLE STATEMENT
Title Analisis bisnis komputer
250 ## - EDITION STATEMENT
Edition statement Cahyono, Bambang Tri
264 #1 - PRODUCTION, PUBLICATION, DISTRIBUTION, MANUFACTURE, AND COPYRIGHT NOTICE
Place of production, publication, distribution, manufacture Jakarta, Indonesia :
Name of producer, publisher, distributor, manufacturer Badan Penerbit IPWI ,
Date of production, publication, distribution, manufacture, or copyright notice 1995
300 ## - PHYSICAL DESCRIPTION
Extent 96 pages ;
Dimensions 27 cm
336 ## - CONTENT TYPE
Source rdacontent
Content type term text
337 ## - MEDIA TYPE
Source rdamedia
Media type term unmediated
338 ## - CARRIER TYPE
Source rdacarrier
Carrier type term volume
650 10 - SUBJECT ADDED ENTRY--TOPICAL TERM
Topical term or geographic name entry element Metallurgical analysis
942 ## - ADDED ENTRY ELEMENTS (KOHA)
-- dc
Koha item type Book
Holdings
Withdrawn Not for loan Current library Shelving location Date acquired Full call number Barcode Date last seen Koha item type
  Not For Loan Perpustakaan Awam Sungai Petani Rujukan Dewasa 05/06/1997 R 669.068 ANA A00008946 08/05/2018 Book
  Not For Loan Perpustakaan Jitra Rujukan Dewasa 05/06/1997 R 669.068 ANA A00008947 08/05/2018 Book